| 000 | 00606nam a2200205 a 4500 | ||
|---|---|---|---|
| 001 | 000006863 | ||
| 003 | DO-SdBNP | ||
| 005 | 20221019104901.0 | ||
| 007 | ta | ||
| 008 | 090903s2004 dr 001 0 spa d | ||
| 040 |
_aDO-SdBNP _bspa _cBNPHU |
||
| 082 | 4 |
_a346.07 _bT273i _222 |
|
| 100 | 1 |
_aTellado hijo, Antonio _919055 |
|
| 245 | 1 | 0 |
_aIntroducción e historia del derecho comercial / _cAntonio Tellado hijo,. |
| 260 |
_aSanto Domingo : _b[s. n.], _c[198?]. |
||
| 300 |
_a302 p. ; _c23 cm. |
||
| 650 | 4 |
_aDerecho comercial _zRepública Dominicana _914449 |
|
| 650 | 4 |
_aCompañias _919056 |
|
| 942 |
_2ddc _cLBS1 |
||
| 999 |
_c6651 _d6651 |
||